Letters from a young poet 1887-1895( rabindranath tagore) (Record no. 1263754)

MARC details
000 -LEADER
fixed length control field 00598nam a2200193Ia 4500
008 - FIXED-LENGTH DATA ELEMENTS--GENERAL INFORMATION
fixed length control field 151121s9999||||xx |||||||||||||| ||und||
082 ## - DEWEY DECIMAL CLASSIFICATION NUMBER
Classification number 816/TAG
082 ## - DEWEY DECIMAL CLASSIFICATION NUMBER
Item number HNW-114959
100 ## - MAIN ENTRY--PERSONAL NAME
Personal name Chaudhuri Rosinka
245 ## - TITLE STATEMENT
Title Letters from a young poet 1887-1895( rabindranath tagore)
260 ## - PUBLICATION, DISTRIBUTION, ETC. (IMPRINT)
Name of publisher, distributor, etc "Penguin Book India, N। Delhi"
260 ## - PUBLICATION, DISTRIBUTION, ETC. (IMPRINT)
Date of publication, distribution, etc 2013
300 ## - PHYSICAL DESCRIPTION
Extent 400
600 ## - SUBJECT ADDED ENTRY--PERSONAL NAME
Personal name Chaudhuri Rosinka
630 ## - SUBJECT ADDED ENTRY--UNIFORM TITLE
Uniform title Letters from a young poet 1887-1895( rabindranath tagore)
700 ## - ADDED ENTRY--PERSONAL NAME
Personal name Chaudhuri Rosinka
730 ## - ADDED ENTRY--UNIFORM TITLE
Uniform title Letters from a young poet 1887-1895( rabindranath tagore)
942 ## - ADDED ENTRY ELEMENTS (KOHA)
Koha item type Book
Holdings
Withdrawn status Lost status Damaged status Not for loan Home library Current library Date acquired Cost, normal purchase price Total Checkouts Full call number Barcode Date last seen Cost, replacement price Price effective from Koha item type
        Hirachand Nemchand Wachanalaya, Solapur Hirachand Nemchand Wachanalaya, Solapur 05/04/2014 499.00   HNW-114959 HNW-114959 11/21/2015 499.00 11/21/2015 Book